| 000 | 00897nam a22002897a 4500 | ||
|---|---|---|---|
| 003 | CHAP | ||
| 005 | 20220329133702.0 | ||
| 008 | 971013s1994 r 00010 d | ||
| 010 | _a9471 | ||
| 011 | _a10443 | ||
| 035 | _a9680 | ||
| 040 | _cCHAP | ||
| 082 |
_a323.354 _bM44 |
||
| 100 | 0 | 0 |
_aMejía Lira, José _ecomp. _974264 |
| 245 | _aProblemática y desarrollo municipal | ||
| 260 |
_aMéxico, D.F. : _bPlaza y Valdéz, _c1994 |
||
| 300 | _a243 p. | ||
| 590 |
_aBATCH-UPD _b10 _c20130110 _lUCH01 _h2003 |
||
| 590 |
_aBATCH-UPD _b10 _c20130410 _lUCH01 _h1323 |
||
| 590 |
_aBATCH-UPD _b10 _c20130914 _lUCH01 _h1145 |
||
| 590 |
_aCONVERSION _b10 _c20130109 _lUCH01 _h1306 |
||
| 650 | 1 | 4 |
_aDesarrollo de la comunidad rural. _931995 |
| 650 | 1 | 4 |
_aEmpresas agropecuarias. _936649 |
| 901 | _aBK | ||
| 942 | _cLIBRO | ||
| 949 |
_a323.354 M44 _bBC _cLIBRO _d33724000300075 _eLIBRO _gI.c/e _h86142 _i9680 _si _t39.00 |
||
| 999 |
_c9471 _d9471 |
||